000 00682nam a2200253Ia 4500
001 49044
005 20240114003935.0
007 ta
008 090522s1974 g b000 u Eng u
020 _cHB
040 _aCotton College,Assam
041 _aEng
082 _a959
_bMa 288 St
100 _aMajumdar, Ramesh Chandra .
245 0 _aStudy Of Sanskrit In South-East Asia /
_cRamesh Chandra Majumdar.
_hTextual Documents
250 _a1st ed. /
260 _aCalcutta :
_bSanskrit College, Calcutta ,
_c1974.
300 _a54p. ;
_c24 cm..
653 _aMS-History
653 _aHistory-India
942 _2ddc
_cBK
999 _c49009
_d49009